Epistemología y pedagogía : ensayo histórico crítico sobre el objeto y método pedagógicos (Registro nro. 617660)

Detalles MARC
001 - NÚMERO DE CONTROL
campo de control 1284038
005 - FECHA Y HORA DE LA ÚLTIMA TRANSACCIÓN
campo de control 20260508074856.0
008 - DATOS DE LONGITUD FIJA--INFORMACIÓN GENERAL
campo de control de longitud fija 120523s2005 spa
020 ## - NÚMERO INTERNACIONAL ESTÁNDAR DEL LIBRO
Número Internacional Estándar del Libro 9789586483964
035 ## - NÚMERO DE CONTROL DEL SISTEMA
Número de control de sistema 1284038
040 ## - FUENTE DE LA CATALOGACIÓN
Centro/agencia transcriptor comduadb
041 ## - CÓDIGO DE LENGUA
Código de lengua del texto/banda sonora o título independiente spa
082 #4 - NÚMERO DE LA CLASIFICACIÓN DECIMAL DEWEY
Número de clasificación 370
100 10 - ENTRADA PRINCIPAL--NOMBRE DE PERSONA
Nombre de persona Bedoya Madrid, José Iván,
Código de función aut
Término indicativo de función/relación Autor/a
9 (RLIN) 497683
245 10 - MENCIÓN DE TÍTULO
Título Epistemología y pedagogía : ensayo histórico crítico sobre el objeto y método pedagógicos
250 ## - MENCIÓN DE EDICIÓN
Mención de edición 6.ed.
260 ## - PUBLICACIÓN, DISTRIBUCIÓN, ETC.
Lugar de publicación, distribución, etc. Santafé de Bogotá :
Nombre del editor, distribuidor, etc. Ecoe Ediciones,
Fecha de publicación, distribución, etc. 2005.
300 ## - DESCRIPCIÓN FÍSICA
Extensión 248 páginas
650 ## - PUNTO DE ACCESO ADICIONAL DE MATERIA--TÉRMINO DE MATERIA
Término de materia o nombre geográfico como elemento de entrada Corrientes pedagógicas
9 (RLIN) 141237
650 ## - PUNTO DE ACCESO ADICIONAL DE MATERIA--TÉRMINO DE MATERIA
Término de materia o nombre geográfico como elemento de entrada Pedagogia - Epistemologia
9 (RLIN) 148221
650 #7 - PUNTO DE ACCESO ADICIONAL DE MATERIA--TÉRMINO DE MATERIA
Término de materia o nombre geográfico como elemento de entrada Filosofía de la educación
Fuente del encabezamiento o término lemb
9 (RLIN) 39310
650 ## - PUNTO DE ACCESO ADICIONAL DE MATERIA--TÉRMINO DE MATERIA
Término de materia o nombre geográfico como elemento de entrada Saber pedagógico
9 (RLIN) 143312
650 #7 - PUNTO DE ACCESO ADICIONAL DE MATERIA--TÉRMINO DE MATERIA
Término de materia o nombre geográfico como elemento de entrada Pedagogía
Subdivisión general Historia
Fuente del encabezamiento o término lemb
9 (RLIN) 193754
942 ## - ELEMENTOS DE ENTRADA AGREGADA (KOHA)
Tipo de ítem Koha Libros
Existencias
Estado de retiro Estado de pérdida Estado dañado No para préstamo Código de colección Localización permanente Ubicación/localización actual Fecha de adquisición Fuente de adquisición Coste, precio normal de compra Número de inventario Total de préstamos Signatura topográfica completa Código de barras Fecha visto por última vez Número de copia Precio válido a partir de Tipo de ítem Koha
        Colección General Biblioteca Campus Puerto Berrío Biblioteca Campus Puerto Berrío 23/05/2012 CIS (Corporacion Interuniversitaria de Servicios) 30000.00 C1145205   370.1 B412ep 804871 27/01/2026 1 01/05/2023 Libros
        Colección General Biblioteca Campus Turbo Biblioteca Campus Turbo 22/06/2012 CIS (Corporacion Interuniversitaria de Servicios) 30000.00 C1147401   370.1 B412ep 85663 15/12/2023 1 01/05/2023 Libros